|
|
|
|
| LEADER |
02023nam a2200445 i 4500 |
| 001 |
EBC1640379 |
| 003 |
MiAaPQ |
| 005 |
20200520144314.0 |
| 006 |
m o d | |
| 007 |
cr cnu|||||||| |
| 008 |
140419t20142014gw a ob 001 0 eng d |
| 020 |
|
|
|z 9783954891238
|
| 020 |
|
|
|a 9783954896233
|q (electronic bk.)
|
| 035 |
|
|
|a (MiAaPQ)EBC1640379
|
| 035 |
|
|
|a (Au-PeEL)EBL1640379
|
| 035 |
|
|
|a (CaPaEBR)ebr10856518
|
| 035 |
|
|
|a (OCoLC)871779908
|
| 040 |
|
|
|a MiAaPQ
|b eng
|e rda
|e pn
|c MiAaPQ
|d MiAaPQ
|
| 043 |
|
|
|a d------
|
| 050 |
|
4 |
|a HF1413
|b .B43 2014
|
| 082 |
0 |
|
|a 382.091724
|2 23
|
| 100 |
1 |
|
|a Bednarek, Diana,
|e author.
|
| 245 |
1 |
0 |
|a Entering successfull the indian market :
|b recommendations and challenges for german small and medium-sized companies /
|c Diana Bednarek.
|
| 264 |
|
1 |
|a Hamburg, Germany :
|b Anchor Academic Publishing,
|c 2014.
|
| 264 |
|
4 |
|c 2014
|
| 300 |
|
|
|a 1 online resource (167 pages) :
|b illustrations, tables
|
| 336 |
|
|
|a text
|2 rdacontent
|
| 337 |
|
|
|a computer
|2 rdamedia
|
| 338 |
|
|
|a online resource
|2 rdacarrier
|
| 504 |
|
|
|a Includes bibliographical references and index.
|
| 588 |
|
|
|a Description based on online resource; title from PDF title page (ebrary, viewed April 19, 2014).
|
| 590 |
|
|
|a Electronic reproduction. Ann Arbor, MI : ProQuest, 2015. Available via World Wide Web. Access may be limited to ProQuest affiliated libraries.
|
| 650 |
|
0 |
|a Financial crises
|z Developing countries.
|
| 650 |
|
0 |
|a Industries
|z Developing countries.
|
| 651 |
|
0 |
|a Developing countries
|x Commerce.
|
| 651 |
|
0 |
|a Developing countries
|x Economic conditions
|y 21st century.
|
| 655 |
|
4 |
|a Electronic books.
|
| 776 |
0 |
8 |
|i Print version:
|a Bednarek, Diana.
|t Entering successfull the indian market : recommendations and challenges for german small and medium-sized companies.
|d Hamburg, Germany : Anchor Academic Publishing, c2014
|h 167 pages
|z 9783954891238
|
| 797 |
2 |
|
|a ProQuest (Firm)
|
| 856 |
4 |
0 |
|u https://ebookcentral.proquest.com/lib/matrademy/detail.action?docID=1640379
|z Click to View
|